000 00735na a2200229 4500
001 23294
003 MIRAKIL
005 20181213155118.0
008 170825b tu 000 0
020 _a9786353241000
040 _aMilas
_btur
_cTR-AnCHP
041 _atur
100 _aEvirgen, Yakup
245 _aKur kapan(ma)sın A.Ş.
_bSavunma sanayiimizin dünü bugünü, gizlenenleri ve bilinmeyenleri
_cYakup Evirgen
246 _aSavunma sanayiimizin dünü bugünü, gizlenenleri ve bilinmeyenleri
260 _aİstanbul
_bÇıra yayınları
_c2011
_fStep ajans
300 _a103 s.
_bfotğ.
_c21 sm.
440 _aÇıra yayınları
_v241
500 _aGEÇİCİ KATALOG KAYDIDIR.
942 _2ddc
_cBKS
999 _c6749
_d6749